000 02060cam a2200397 i 4500
001 EDZ0000988972
003 StDuBDS
005 20161031105256.0
006 m||||||||d||||||||
007 cr |||||||||||
008 141203s2015 cau fob 001|0|eng|d
020 _a9781483346243 (ebook) :
_cNo price
040 _aStDuBDS
_beng
_cStDuBDS
_erda
_epn
049 _aAlfaisal Main Library
050 4 _aLB3013
082 0 4 _a371.102403
_223
245 0 4 _aThe SAGE encyclopedia of classroom management /
_cedited by W. George Scarlett.
246 3 0 _aEncyclopedia of classroom management
246 3 0 _aClassroom management
264 1 _aThousand Oaks, California :
_bSAGE Publications,
_c2015.
300 _a1 online resource
336 _atext
_2rdacontent
337 _acomputer
_2rdamedia
338 _aonline resource
_2rdacarrier
504 _aIncludes bibliographical references and index.
520 8 _aA teacher's ability to manage the classroom strongly influences the quality of teaching and learning that can be accomplished. Among the most pressing concerns for inexperienced teachers is classroom management, a concern of equal importance to the general public in light of behaviour problems and breakdowns in discipline that grab newspaper headlines. But classroom management is not just about problems and what to do when things go wrong and chaos erupts. It's about how to run a classroom so as to elicit the best from even the most courteous group of students. An array of skills is needed to produce such a learning environment.
521 _aSpecialized.
588 _aDescription based on online resource; title from home page (viewed on November 12, 2015).
650 0 _aClassroom management
_vEncyclopedias.
655 7 _aElectronic books.
_2local
700 1 _aScarlett, W. George,
_eeditor.
710 2 _aSage eBooks
776 0 8 _iPrint version :
_z9781452241395
856 4 0 _uhttp://ezproxy.alfaisal.edu/login?url=http://sk.sagepub.com/reference/the-sage-encyclopedia-of-classroom-management
942 _2lcc
_cEBOOKS
999 _c483278
_d483278